LEADER 01286nam a2200313 i 4500 001 000000151700 003 CaOOAMICUS 005 20060710000000.0 008 060710s1979 it u000 u ita u 013 $a129039 040 $aSeMil$bita 100 1 $aHamsun, Knut,$d<1859-1952>.$0(OLS)http://semarc/name/54311 240 10$aLandstrykere.$0(OLS)http://semarc/title/221680 245 10$aVagabondi :$bromanzo /$cKnut Hamsun ; traduzione di Ervino Pocar ; postfazione di Claudio Magris. 260 $aMilano :$bArnoldo Mondadori Editore,$c1979. 300 $a504 p. ;$c20 cm. 490 0 $aMedusa 490 0 $aMedusa. Serie '80 ;$v4. 500 $aFondo Ciprandi. 700 1 $aMagris, Claudio,$d<1939- >.$0(OLS)http://semarc/name/1323 700 1 $aPocar, Ervino,$d<1892-1981>.$0(OLS)http://semarc/name/5929 830 0$aMedusa.$0(OLS)http://semarc/title/6850 830 0$aMedusa. Serie '80 [Mondadori] ;$v4.$0(OLS)http://semarc/title/19445 850 $aSeMil 852 $aSeMil$W1$xVenegono$y1$m1V II 157$j103685$B103685$CSeMilBibl$Z2$F112788 $81 941 1 $a1 961 $aOmaggio: Ciprandi dott. Paolo 996 $6245$aVagabondi :$bromanzo$9(OLS)http://semarc/title/221679 996 $6260$aMilano :$bArnoldo Mondadori Editore$9(OLS)http://semarc/publisher/30056 LEADER 01366nam a2200253 i 4500 001 000000202437 003 CaOOAMICUS 005 20110524000000.0 008 110524s1506 xx u000 u lat u 013 $a181146 040 $aSeMil$bita 245 10$aEpistolarum libri et Panaegyricus Nervae Traiano Augusto dicatus, cum Joannis Mariae Catanei commentariis. 260 $aMilano :$bapud Alexandrum Minutianum,$c1506, 18 gennaio (XV Kalendis Februarii) 300 $a21 x 30 ;$ccc. 236 ;$cgr. e rom. 500 $aManca il frontespizio. - Descrizione da : Incunaboli e Cinquecentine della Biblioteca del Seminario di Milano / catalogo a cura di Ubaldo Valentini, Milano 1981. - Numero di catalogo : 1298. 650 4$aCinquecentine.$0(OLS)http://semarc/subject/1297 650 4$aMariologia - Testi.$0(OLS)http://semarc/subject/599 700 1 $aPlinius Caecilius Secundus, Gaius,$c.$0(OLS)http://semarc/name/6242 850 $aSeMil 852 $aSeMil$W1$xVenegono$y1$mFV.A V 42$j152960$B152960$CSeMilBibl$Z2$F163983 $86 900 1 $aPlinio . 996 $6245$aEpistolarum libri et Panaegyricus Nervae Traiano Augusto dicatus, cum Joannis Mariae Catanei commentariis$9(OLS)http://semarc/title/293060 996 $6260$aMilano :$bapud Alexandrum Minutianum$9(OLS)http://semarc/publisher/47853